00472nam a2200193 a 4500001001300000003000900013005001700022008004100039020000800080082001300088100002300101245002500124260002900149300000900178500003500187505001700222650001600239700002300255nice12345678IN_TiNIC20260116011632.0050524s1943 lona grp 000 0 eng  ac000a259bDUS aDusen, Henry P Van aWhat Is Church Doing aLondonbScm Press c1943 a128p aincludes index and biblioraphy2 aBibliography aChurch-Work1 aDusen, Henry P Van